000 01001nam a22003137a 4500
003 CHAP
005 20220329141243.0
008 971010s1987 r 00010 d
010 _a65195
011 _a66167
035 _a74163
040 _cCHAP
090 _aTesis
100 0 0 _aEspejel Mancilla, Alfonso.
_937813
245 _aAnálisis y evaluación del riego por descargas intermitentes
260 _aChapingo, Méx. :
_bEl autor,
_c1987
300 _a75 h.
_b: ilus.
500 _a1992/82
502 _aTesis (Ing. Agr. Esp. en Irrigación) -- UACH. Departamento de Irrigación
590 _aALEPH
_b10
_c20130110
_lUCH01
_h1354
590 _aBATCH-UPD
_b10
_c20130110
_lUCH01
_h0425
590 _aBATCH-UPD
_b10
_c20130110
_lUCH01
_h2350
590 _aCONVERSION
_b10
_c20130109
_lUCH01
_h1336
650 1 4 _aRiego por descarga intermitente.
_997378
901 _aBK
942 _cTESIS
949 _bBC
_cTES
_d-144611
_eTS1
_h20140
_i74163
_si
949 _bI
_cTESBD
_d-7015
_eTS1
_h240
_i74163
_si
999 _c65195
_d65195